El ocho
Guardat en:
| Autor principal: | |
|---|---|
| Format: | Desconegut |
| Idioma: | Spanish |
| Publicat: |
Barcelona, España
Ediciones B.
1994
|
| Matèries: | |
| Etiquetes: |
Afegir etiqueta
Sense etiquetes, Sigues el primer a etiquetar aquest registre!
|
MARC
| LEADER | 00000 a2200000 4500 | ||
|---|---|---|---|
| 008 | 190503b ||||| |||| 00| 0 spa d | ||
| 999 | |c 30702 |d 30702 | ||
| 040 | |a cru BVZT | ||
| 090 | |a 810 N-5o v.2 | ||
| 100 | |a Neville, Katherine | ||
| 245 | |a El ocho |c Katherine Neville ; Susana Constante, traductor | ||
| 260 | |a Barcelona, España |b Ediciones B. |c 1994 | ||
| 300 | |a 859 páginas, v.2 | ||
| 650 | 0 | |9 25 |a LITERATURA ESTADOUNIDENSE | |
| 650 | 0 | |9 13 |a NOVELA | |
| 942 | |c 15 D |h 810 N-5o v.2 |2 z | ||
